000 00498nam a22001577a 4500
005 20240227072737.0
008 240227b |||||||| |||| 00| 0 eng d
020 _a08030030
082 _222
_a323.4.
_bHUM.
100 _aSamnoy, Ashild.
245 _aHuman Rights as International Consensus :
_bThe Making of the universal Declaration of Human Rights 1945-1948 /
_cAshild Samnoy.
260 _aUnited nations :
_bHuman Rights /
_c1993.
300 _avii, 164 p.,
650 _aHuma rights.
942 _cL
999 _c510
_d510